<?xml version="1.0" encoding="UTF-8"?><?xml-stylesheet type="text/xsl" href="static/style.xsl"?><OAI-PMH xmlns="http://www.openarchives.org/OAI/2.0/" xmlns:xsi="http://www.w3.org/2001/XMLSchema-instance" xsi:schemaLocation="http://www.openarchives.org/OAI/2.0/ http://www.openarchives.org/OAI/2.0/OAI-PMH.xsd"><responseDate>2026-04-17T17:30:09Z</responseDate><request verb="GetRecord" identifier="oai:www.recercat.cat:10256/22588" metadataPrefix="marc">https://recercat.cat/oai/request</request><GetRecord><record><header><identifier>oai:recercat.cat:10256/22588</identifier><datestamp>2024-05-22T11:34:58Z</datestamp><setSpec>com_2072_452966</setSpec><setSpec>com_2072_2054</setSpec><setSpec>col_2072_452968</setSpec></header><metadata><record xmlns="http://www.loc.gov/MARC21/slim" xmlns:dcterms="http://purl.org/dc/terms/" xmlns:xsi="http://www.w3.org/2001/XMLSchema-instance" xmlns:doc="http://www.lyncode.com/xoai" xsi:schemaLocation="http://www.loc.gov/MARC21/slim http://www.loc.gov/standards/marcxml/schema/MARC21slim.xsd">
   <leader>00925njm 22002777a 4500</leader>
   <datafield ind2=" " ind1=" " tag="042">
      <subfield code="a">dc</subfield>
   </datafield>
   <datafield ind2=" " ind1=" " tag="720">
      <subfield code="a">Feliu Borrisser, Joaquim</subfield>
      <subfield code="e">author</subfield>
   </datafield>
   <datafield ind2=" " ind1=" " tag="260">
      <subfield code="c">2019-06-01</subfield>
   </datafield>
   <datafield ind2=" " ind1=" " tag="520">
      <subfield code="a">L’objectiu d’aquest projecte es basa en el disseny de l’estructura i de la instal·lació&#xd;
elèctrica fotovoltaica integrada en una parada de bus per a zones rurals. Aquest&#xd;
sistema tindrà com finalitat il·luminar la parada en hores diürnes i proporcionar, a&#xd;
través d’uns connectors USB, corrent suficient per carregar 2 mòbils.&#xd;
L’abast d’aquest projecte consisteix en el desenvolupament tècnic i de disseny.&#xd;
Incloent-hi els càlculs de la instal·lació elèctrica fotovoltaica i de l’estructura, els plànols&#xd;
tècnic i renders.&#xd;
També s’inclourà un estudi econòmic i pressupost de la marquesina per tal d’avaluar la&#xd;
viabilitat del projecte.&#xd;
A tot això es tindrà en compte a l’hora de fer el disseny la facilitat de muntatge,&#xd;
transport, reparació i elecció de materials normalitzats en el mercat per tal d’abaratir&#xd;
costos sense perdre la qualitat funcional</subfield>
   </datafield>
   <datafield ind2=" " ind1=" " tag="520">
      <subfield code="a">The objective of this project is based on the design of the structure and the installation&#xd;
photovoltaic electricity integrated in a bus stop for rural areas. This&#xd;
system will aim to illuminate the stop during daytime hours and provide, a&#xd;
through USB connectors, enough current to charge 2 mobile phones.&#xd;
The scope of this project consists of technical and design development.&#xd;
Including the calculations of the photovoltaic electrical installation and the structure, the plans&#xd;
technician and renders.&#xd;
An economic study and budget for the marquee will also be included in order to evaluate the&#xd;
feasibility of the project.&#xd;
All this will be taken into account when making the design, the ease of assembly,&#xd;
transport, repair and choice of standardized materials in the market in order to make it cheaper&#xd;
costs without losing functional quality</subfield>
   </datafield>
   <datafield ind1="8" ind2=" " tag="024">
      <subfield code="a">http://hdl.handle.net/10256/22588</subfield>
   </datafield>
   <datafield tag="653" ind2=" " ind1=" ">
      <subfield code="a">Instal·lacions fotovoltaiques</subfield>
   </datafield>
   <datafield tag="653" ind2=" " ind1=" ">
      <subfield code="a">Photovoltaic power systems</subfield>
   </datafield>
   <datafield ind2="0" ind1="0" tag="245">
      <subfield code="a">Disseny de l’estructura i de la instal·lació elèctrica fotovoltaica integrada en una parada de bus per a zones rurals</subfield>
   </datafield>
</record></metadata></record></GetRecord></OAI-PMH>